|
|
|
|
| LEADER |
03787nam a22004093i 4500 |
| 001 |
EBC6751002 |
| 003 |
MiAaPQ |
| 005 |
20231204023219.0 |
| 006 |
m o d | |
| 007 |
cr cnu|||||||| |
| 008 |
231204s2020 xx o ||||0 eng d |
| 020 |
|
|
|a 9783839448816
|q (electronic bk.)
|
| 020 |
|
|
|z 9783837648812
|
| 035 |
|
|
|a (MiAaPQ)EBC6751002
|
| 035 |
|
|
|a (Au-PeEL)EBL6751002
|
| 035 |
|
|
|a (OCoLC)1149503423
|
| 040 |
|
|
|a MiAaPQ
|b eng
|e rda
|e pn
|c MiAaPQ
|d MiAaPQ
|
| 100 |
1 |
|
|a Fischer, Jessica.
|
| 245 |
1 |
0 |
|a Imagined Economies - Real Fictions :
|b New Perspectives on Economic Thinking in Great Britain.
|
| 250 |
|
|
|a 1st ed.
|
| 264 |
|
1 |
|a Bielefeld :
|b transcript,
|c 2020.
|
| 264 |
|
4 |
|c Ã2020.
|
| 300 |
|
|
|a 1 online resource (180 pages)
|
| 336 |
|
|
|a text
|b txt
|2 rdacontent
|
| 337 |
|
|
|a computer
|b c
|2 rdamedia
|
| 338 |
|
|
|a online resource
|b cr
|2 rdacarrier
|
| 490 |
1 |
|
|a Edition Kulturwissenschaft ;
|v v.210
|
| 505 |
0 |
|
|a Intro -- Table of Contents -- Introduction -- References -- Why Imagined Economies? -- Making up markets -- Imagining Otherwise -- Acknowledgements -- References -- The Rise and Decline of Doux Commerce: Change of Experience and Change of Perception -- The rise of commerce and doux commerce: British peculiarities -- Early Start and Slow Pace of the Market Economy -- Power Relations and Exchange Relations -- Empathy as a Market Strategy -- The decline of doux commerce -- Commerce and doux commerce in the long-term perspective -- References -- The Emotional Economies of Colonial Capitalism and Its Legacies -- Introduction -- Legacies in 21st-Century Non-Fiction: Either Economy or Race -- Mid-19th-Century Colonial Fiction: Economy, Race, Emotions -- Managing Anger in the Imagined Plantation Economy of Lutchmee and Dilloo -- Conclusion -- References -- Imagining Money -- Introduction -- Money in Macroeconomics -- Real Fictions -- Conclusion -- References -- Beneath and Beyond the City: The Multiple Faces of British Finance -- Introduction -- The 'City' in Britain: A brief historical retrospect -- Beyond the City: The British state -- Beneath the City: The diversity of British finance -- Conclusion -- References -- A Nation of Shopkeepers? The Idealised High Street in Brexit Britain -- Imagining the economy -- Nostalgia for the high street -- The idealised high street: three instances -- Economic imaginaries in Brexit Britain -- A Nice Row of Shops: The High Street in Little England -- 'Our Town': The High Street in a Democratised Economy -- Beyond the high street -- Conclusion -- References -- The New Democratic Economy: An Imaginary and Real Alternative -- Labour, Conservatives and Social Ownership -- Community Wealth Building: from an extractive to a circulatory economy -- Institutional, Ownership and System Change: a road to socialism?.
|
| 505 |
8 |
|
|a Plurality of Institutions: complexity and reversibility -- Social Change and Scaling Up -- Localism and its Limits? Community, competition and inequality -- National and Public Ownership -- The Imaginary and Real Alternative -- References -- Imaginary Economies: Narratives for the 21st Century -- References -- Authors.
|
| 588 |
|
|
|a Description based on publisher supplied metadata and other sources.
|
| 590 |
|
|
|a Electronic reproduction. Ann Arbor, Michigan : ProQuest Ebook Central, 2023. Available via World Wide Web. Access may be limited to ProQuest Ebook Central affiliated libraries.
|
| 655 |
|
4 |
|a Electronic books.
|
| 700 |
1 |
|
|a Stedman, Gesa.
|
| 776 |
0 |
8 |
|i Print version:
|a Fischer, Jessica
|t Imagined Economies - Real Fictions
|d Bielefeld : transcript,c2020
|z 9783837648812
|
| 797 |
2 |
|
|a ProQuest (Firm)
|
| 830 |
|
0 |
|a Edition Kulturwissenschaft
|
| 856 |
4 |
0 |
|u https://ebookcentral.proquest.com/lib/matrademy/detail.action?docID=6751002
|z Click to View
|